India Infrastructure Report 2023: Urban Planning and Development (Record no. 14173)

000 -LEADER
fixed length control field 00403nam a2200145Ia 4500
003 - CONTROL NUMBER IDENTIFIER
control field OSt
008 - FIXED-LENGTH DATA ELEMENTS--GENERAL INFORMATION
fixed length control field 260210s9999 xx 000 0 und d
020 ## - INTERNATIONAL STANDARD BOOK NUMBER
International Standard Book Number 9789356408548
082 ## - DEWEY DECIMAL CLASSIFICATION NUMBER
Classification number 307.12160954
110 ## - MAIN ENTRY--CORPORATE NAME
Corporate name or jurisdiction name as entry element IDFC Foundation
245 #0 - TITLE STATEMENT
Title India Infrastructure Report 2023: Urban Planning and Development
260 ## - PUBLICATION, DISTRIBUTION, ETC. (IMPRINT)
Place of publication, distribution, etc New Delhi
Name of publisher, distributor, etc Bloomsbury Publishing
Date of publication, distribution, etc 2024
300 ## - PHYSICAL DESCRIPTION
Extent 375p;
942 ## - ADDED ENTRY ELEMENTS (KOHA)
Item type B.PLAN
Source of classification or shelving scheme
Holdings
Withdrawn status Lost status Source of classification or shelving scheme Damaged status Koha normalized classification for sorting Not for loan Permanent location Current location Shelving location Date acquired Full call number Barcode Date last seen Price effective from Koha item type
        307_121609540000000   BMS College of Architecture, Design and Planning BMS College of Architecture, Design and Planning General Stacks 2025-12-03 307.12160954 AR-UG5037 2026-02-10 2026-02-10 B.PLAN
Copyright © 2025, The Librarian, Library and Information Centre, BMSCA D&P, Bengaluru. All Rights Reserved
web counter

Powered by Koha